[Event "IECC CL8-2001.02"]
[Site "IECC email"]
[Date "2001.02.27"]
[Round "?"]
[White "Peters, Charles William"]
[Black "Prestidge, Justin"]
[Result "1/2-1/2"]
[WhiteElo "823"]
[BlackElo "974"]
[PlyCount "60"]
[EventDate "2001.??.??"]
[EventType "tourn (corr)"]
[EventRounds "4"]
[SourceTitle "Corr 2008"]
[Source "ChessBase"]
[SourceDate "2008.06.24"]
[SourceVersion "1"]
[SourceVersionDate "2008.06.24"]
[SourceQuality "1"]

1. e4 c5 2. Nc3 Nc6 3. Bc4 e6 4. Nf3 Nf6 5. 0-0 a6 6. Na4 b5 7. Nb6 Qxb6 8. Bd3 c4 9. Be2 Nxe4 10. d3 cxd3 11. Bxd3 Nxf2 12. Be3 Qxe3 13. Rxf2 Bc5 14. Qe2 Qxe2 15. Bxe2 Bxf2+ 16. Kxf2 h6 17. c3 Ke7 18. b3 Bb7 19. Bd3 Rhc8 20. Kg1 d6 21. Re1 Nd8 22. c4 Bxf3 23. gxf3 b4 24. Be4 Ra7 25. Re3 f5 26. Bxf5 Rc5 27. Bg4 Rg5 28. Kf1 Nf7 29. Rxe6+ Kf8 30. Re2 Re7 1/2-1/2

[Event "IECC CL8-2001.02"]
[Site "IECC email"]
[Date "2001.02.27"]
[Round "?"]
[White "Prestidge, Justin"]
[Black "Larham, Ron"]
[Result "1-0"]
[WhiteElo "987"]
[BlackElo "1012"]
[PlyCount "29"]
[EventDate "2001.??.??"]
[EventType "tourn (corr)"]
[EventRounds "4"]
[SourceTitle "Corr 2008"]
[Source "ChessBase"]
[SourceDate "2008.06.24"]
[SourceVersion "1"]
[SourceVersionDate "2008.06.24"]
[SourceQuality "1"]

1. e4 c5 2. Nf3 Nc6 3. Bb5 Qb6 4. Na3 e5 5. Bxc6 Qxc6 6. d3 d6 7. Nc4 b6 8. 0-0 g6 9. Ng5 Nf6 10. f4 exf4 11. Rxf4 Be7 12. Qf3 Bg4 13. Qf2 Qd7 14. Rxf6 Bxf6 15. Qxf6 1-0

[Event "IECC Trio 736 email"]
[Site "IECC email"]
[Date "1999.04.30"]
[Round "?"]
[White "Raeuchle, Walter"]
[Black "Prestidge, Justin"]
[Result "1-0"]
[WhiteElo "1081"]
[BlackElo "996"]
[PlyCount "39"]
[EventDate "1999.??.??"]
[EventType "tourn (corr)"]
[EventRounds "4"]
[SourceTitle "Corr 2008"]
[Source "ChessBase"]
[SourceDate "2008.06.24"]
[SourceVersion "1"]
[SourceVersionDate "2008.06.24"]
[SourceQuality "1"]

1. e4 e5 2. Nf3 Nc6 3. Bb5 Nf6 4. 0-0 Bd6 5. Re1 0-0 6. c3 Ng4 7. d4 exd4 8. cxd4 Nb4 9. h3 a6 10. Bc4 b5 11. Bb3 c5 12. dxc5 Bxc5 13. hxg4 Re8 14. Ng5 Bb7 15. Bxf7+ Kh8 16. Bxe8 Qf6 17. Nf3 Rxe8 18. a3 Nc6 19. Qxd7 Bxf2+ 20. Kxf2 1-0

[Event "IECC Trio 587 email"]
[Site "IECC email"]
[Date "1998.07.26"]
[Round "?"]
[White "Prestidge, Justin"]
[Black "Biagini, Fabiano"]
[Result "1-0"]
[WhiteElo "995"]
[BlackElo "994"]
[PlyCount "95"]
[EventDate "1998.??.??"]
[EventType "tourn (corr)"]
[EventRounds "4"]
[SourceTitle "Corr 2008"]
[Source "ChessBase"]
[SourceDate "2008.06.24"]
[SourceVersion "1"]
[SourceVersionDate "2008.06.24"]
[SourceQuality "1"]

1. e4 Nc6 2. Bc4 e6 3. d4 d5 4. exd5 exd5 5. Bb5 Qe7+ 6. Ne2 Qb4+ 7. Nbc3 Nf6 8. a3 Qd6 9. 0-0 Ng4 10. Bf4 Qe7 11. Nxd5 Qd7 12. Nxc7+ Kd8 13. Nxa8 Qd5 14. Nc7 Qd7 15. Ng3 Bd6 16. Ne4 Bxf4 17. d5 Bxh2+ 18. Kh1 Kxc7 19. dxc6 bxc6 20. Qxd7+ Bxd7 21. Be2 h5 22. g3 Bf5 23. Bd3 h4 24. Ng5 Bg6 25. Bxg6 fxg6 26. Kg2 hxg3 27. Rae1 Nxf2 28. Re7+ Kb6 29. Ne4 Nxe4 30. Rxe4 Rd8 31. Re2 g5 32. Rf7 Rd1 33. Rxg7 Rb1 34. b3 Bg1 35. Rxg5 Bd4 36. Kxg3 Rf1 37. Rg6 Rc1 38. Kf3 Kb5 39. Rg5+ c5 40. Rg4 a5 41. Rg8 Ra1 42. Rb8+ Kc6 43. a4 Rf1+ 44. Ke4 Kc7 45. Rb5 Rf2 46. Rxf2 Bxf2 47. Rxa5 Bd4 48. Kd5 1-0

[Event "IECC Trio 493 email"]
[Site "IECC email"]
[Date "1998.03.24"]
[Round "?"]
[White "Goossens, Jack"]
[Black "Prestidge, Justin"]
[Result "1-0"]
[WhiteElo "1264"]
[BlackElo "1039"]
[PlyCount "27"]
[EventDate "1998.??.??"]
[EventType "tourn (corr)"]
[EventRounds "4"]
[SourceTitle "Corr 2008"]
[Source "ChessBase"]
[SourceDate "2008.06.24"]
[SourceVersion "1"]
[SourceVersionDate "2008.06.24"]
[SourceQuality "1"]

1. d4 Nf6 2. g3 e6 3. Bg2 Ng4 4. e4 Nxf2 5. Kxf2 c5 6. c3 Qf6+ 7. Nf3 Nc6 8. Na3 b6 9. Bg5 Qg6 10. Nb5 Be7 11. Nc7+ Kf8 12. Bxe7+ Nxe7 13. Nxa8 Bb7 14. Nc7 1-0